000 00827cam a22002414a 4500
001 11807777
005 20171227045752.0
008 991012s2000 nhua b 001 0 eng
010 _a 99052884
020 _a032500109X (alk. paper)
040 _aDLC
_cDLC
_dDLC
041 _aeng
042 _apcc
080 _a372.6044 ROU
082 0 0 _a372.6044 ROU
_221
100 1 _a46
101 _aEDU
245 1 0 _aConversations :
_cRegie Routman.
504 _aIncludes bibliographical references (p. 603-613) and index.
906 _a7
_bcbc
_corignew
_d1
_eocip
_f19
_gy-gencatlg
942 _2ddc
_cBK
999 _c39480
_d39480